LEADER 01189oam 2200337 a 450 001 9910697037003321 005 20230902162205.0 035 $a(CKB)5470000002384533 035 $a(OCoLC)609877525 035 $a(EXLCZ)995470000002384533 100 $a20100428d2009 ua 0 101 0 $aeng 135 $aurmn||||||||| 181 $ctxt$2rdacontent 182 $cc$2rdamedia 183 $acr$2rdacarrier 200 10$aFinancial management$b[electronic resource] $eimprovements needed in National Flood Insurance Program's financial controls and oversight : report to the Ranking Member, Committee on Banking, Housing, and Urban Affairs, U.S. Senate 210 1$a[Washington, D.C.] :$cU.S. Govt. Accountability Office,$d[2009] 215 $a1 online resource (ii, 39 pages) $cillustrations 300 $aTitle from PDF title screen (GAO, viewed Apr. 27, 2010). 300 $a"December 2009." 300 $a"GAO-10-66." 320 $aIncludes bibliographical references. 517 $aFinancial management 801 0$bGPO 801 1$bGPO 801 2$bGPO 906 $aBOOK 912 $a9910697037003321 996 $aFinancial Management$9424135 997 $aUNINA LEADER 01238cam0 22002771 450 001 SOBE00086251 005 20260330140446.0 100 $a20260330d1987 |||||ita|0103 ba 101 $aita$afre$ager 102 $aIT 200 1 $a<>Francescani in Europa tra Riforma e Controriforma$eatti del 13. Convegno internazionale$eAssisi, 17-18-19 ottobre 1985$fSocieta internazionale di Studi Francescani 210 $aPerugia$cUniversita degli Studi di Perugia$aAssisi$cCentro di studi francescani$d1987 215 $a258 p., [16] p. di tav.$cill.$d23 cm 225 2 $aSISF convegni$v13 410 1$1001SOBE00054203$12001 $a*SISF convegni$v13 500 10$a<>francescani in Europa tra Riforma e Controriforma$3SOBA00037831$9917729 710 02$a*Società internazionale di studi francescani$3A600200043991$4070$0167009 801 0$aIT$bUNISOB$c20260330$gRICA 850 $aUNISOB 852 $aUNISOB$jFondo|Calì$m185359 912 $aSOBE00086251 940 $aM 102 Monografia moderna SBN 941 $aM 957 $aFondo|Calì$b002826$gSI$d185359$n20260725$hCali$rdono$tN$1bethb$2UNISOB$3UNISOB$420260330140406.0$520260330140446.0$6bethb 996 $aFrancescani in Europa tra Riforma e Controriforma$9917729 997 $aUNISOB